[Event "FIDE World Rapid 2014"]
[Site "Dubai UAE"]
[Date "2014.06.17"]
[Round "8.16"]
[White "Svidler, Peter"]
[Black "Najer, Evgeniy"]
[Result "1-0"]
[WhiteTitle "GM"]
[BlackTitle "GM"]
[WhiteElo "2753"]
[BlackElo "2653"]
[WhiteFideId "4102142"]
[BlackFideId "4118987"]
[EventDate "2014.06.16"]

1. e4 e5 2. Nf3 Nc6 3. Bb5 a6 4. Ba4 Nf6 5. O-O Be7 6. Re1 b5 7. Bb3 O-O 8. h3
Bb7 9. d3 d6 10. a4 Na5 11. Ba2 c5 12. Nbd2 Qd7 13. Nf1 Nc6 14. Ng3 Bd8 15. c3
d5 16. exd5 Nxd5 17. Nxe5 Nxe5 18. Rxe5 Bf6 19. Re1 Nxc3 20. bxc3 Bxc3 21. Bd2
Bxa1 22. Qxa1 Bd5 23. Bh6 gxh6 24. Nh5 f6 25. Nxf6+ Rxf6 26. Qxf6 Rf8 27. Bxd5+
Qxd5 28. Qxh6 Qf5 29. f3 Qf6 30. Qe3 Rc8 31. axb5 axb5 32. Qe4 Qd4+ 33. Qxd4
cxd4 34. Rb1 Rb8 35. Rb4 Kf7 36. Rxd4 b4 37. Rc4 b3 38. Rc1 h5 39. g4 Kf6 40.
Kf2 h4 41. f4 b2 42. Rb1 Ke6 43. Ke3 Kd5 44. g5 Rb4 45. Kd2 Rxf4 46. Rxb2 Rf2+
47. Kc3 Rf3 48. g6 Rxh3 49. Rg2 1-0

[Event "FIDE World Rapid 2014"]
[Site "Dubai UAE"]
[Date "2014.06.17"]
[Round "8.17"]
[White "Malakhov, Vladimir"]
[Black "Sargissian, Gabriel"]
[Result "1/2-1/2"]
[WhiteTitle "GM"]
[BlackTitle "GM"]
[WhiteElo "2694"]
[BlackElo "2686"]
[WhiteFideId "4120787"]
[BlackFideId "13300881"]
[EventDate "2014.06.16"]

1. e4 e5 2. Nf3 Nc6 3. Bc4 Bc5 4. c3 Nf6 5. d3 d6 6. Bb3 O-O 7. O-O a6 8. Be3
Bxe3 9. fxe3 Ne7 10. Nbd2 Ng6 11. h3 Be6 12. Bxe6 fxe6 13. Qb3 Qd7 14. Rf2 h6
15. Raf1 b5 16. Nh2 Nh7 17. Rxf8+ Rxf8 18. Rxf8+ Nhxf8 19. Nhf3 c5 20. Qa3 Qc6
21. Qa5 Ne7 22. Qd8 Kf7 23. d4 cxd4 24. exd4 exd4 25. Nxd4 Qd7 26. Qb6 e5 27.
Nf5 Nxf5 28. exf5 Qxf5 29. Qxa6 Qd3 30. Qb7+ Ke6 31. Qxg7 Qe3+ 32. Kh1 Qxd2 33.
Qxf8 Qxb2 34. Qxh6+ Kd5 35. Qe3 Qxa2 36. Qd3+ Ke6 37. Qg6+ Ke7 38. Qg5+ Kf7 39.
Qf5+ Ke7 40. Qg5+ 1/2-1/2

[Event "FIDE World Rapid 2014"]
[Site "Dubai UAE"]
[Date "2014.06.17"]
[Round "8.18"]
[White "Wojtaszek, Radoslaw"]
[Black "Safarli, Eltaj"]
[Result "1/2-1/2"]
[WhiteTitle "GM"]
[BlackTitle "GM"]
[WhiteElo "2715"]
[BlackElo "2649"]
[WhiteFideId "1118358"]
[BlackFideId "13402129"]
[EventDate "2014.06.16"]

1. d4 Nf6 2. c4 e6 3. Nc3 Bb4 4. Nf3 d5 5. e3 O-O 6. Bd3 c5 7. O-O cxd4 8. exd4
dxc4 9. Bxc4 b6 10. Bg5 Bb7 11. Re1 Nbd7 12. Rc1 Rc8 13. Bd3 h6 14. Bh4 Be7 15.
Qe2 Nh5 16. Bg3 Nxg3 17. hxg3 Nf6 18. Ba6 Bxa6 19. Qxa6 Bb4 20. Qxa7 Ra8 21. Qb7
Bxc3 22. bxc3 Rxa2 23. Ne5 Qb8 24. Qxb8 Rxb8 25. Ra1 Rxa1 26. Rxa1 b5 27. Rb1
Rc8 28. Rxb5 Rxc3 29. Rb8+ Kh7 30. f3 Rc1+ 31. Kh2 Rd1 32. Rd8 Nd5 33. Nxf7 Rxd4
34. Rd6 Kg8 35. Nd8 Rd2 36. Rxe6 Nc7 37. Re7 Rxd8 38. Rxc7 Rd2 39. Kh3 Kh7 40.
g4 Kg6 41. Kg3 Kf6 42. Rc6+ Kf7 43. Rc5 Ra2 44. g5 hxg5 45. Rxg5 Kf6 46. Rc5 Rb2
47. Kh3 Ra2 48. g3 Ra3 49. Kg4 Ra4+ 50. f4 Ra3 51. Rc6+ Kf7 52. Kh4 Rf3 53. Kg4
Ra3 54. f5 Rb3 55. Kh4 Ra3 56. g4 Ra1 57. Rc7+ Kf6 58. Rc6+ Kf7 59. Kh5 Rh1+ 60.
Kg5 Rg1 61. Rc7+ Kg8 62. Kh5 Rh1+ 63. Kg6 Rh6+ 64. Kg5 Kh7 65. Rf7 Kg8 66. Re7
Kh7 67. Kf4 Rh1 68. g5 Kg8 69. g6 Kf8 70. Rf7+ Kg8 71. Rc7 Kf8 72. Rc8+ Ke7 73.
Rc7+ Kf8 74. Rc8+ Ke7 75. Rg8 Rf1+ 76. Ke4 Re1+ 77. Kd4 Rd1+ 78. Ke3 Kf6 79.
Rf8+ Kg5 80. Rf7 Re1+ 81. Kd4 Re2 82. Kd5 Re1 83. Kd6 Re2 84. Kd7 Re1 85. Re7
Rf1 86. Rxg7 Rxf5 87. Rg8 Rf6 88. g7 Kg6 1/2-1/2

[Event "FIDE World Rapid 2014"]
[Site "Dubai UAE"]
[Date "2014.06.17"]
[Round "8.19"]
[White "Yu, Yangyi"]
[Black "Vitiugov, Nikita"]
[Result "1-0"]
[WhiteTitle "GM"]
[BlackTitle "GM"]
[WhiteElo "2675"]
[BlackElo "2742"]
[WhiteFideId "8603820"]
[BlackFideId "4152956"]
[EventDate "2014.06.16"]

1. e4 c6 2. d4 d5 3. Nc3 dxe4 4. Nxe4 Bf5 5. Ng3 Bg6 6. h4 h6 7. Nf3 Nd7 8. h5
Bh7 9. Bd3 Bxd3 10. Qxd3 e6 11. Bd2 Ngf6 12. O-O-O Be7 13. Ne4 Nxe4 14. Qxe4 Nf6
15. Qd3 O-O 16. Ne5 Qd5 17. c4 Qe4 18. Qxe4 Nxe4 19. Be1 Rac8 20. f3 Nf6 21. Bf2
c5 22. Kb1 Bd6 23. b3 Rfd8 24. g4 a6 25. Rhe1 cxd4 26. Bxd4 Bb4 27. Rf1 b5 28.
Bb2 bxc4 29. Rxd8+ Rxd8 30. Nc6 Rd6 31. Nxb4 cxb3 32. axb3 Rb6 33. Nd3 Rxb3 34.
Kc2 Rb6 35. Bxf6 gxf6 36. Ra1 Kf8 37. Kd2 Ke7 38. Nc5 Rb5 39. Nd3 a5 40. f4 Kf8
41. Rc1 a4 42. Rc8+ Kg7 43. Ra8 f5 44. Rxa4 fxg4 45. Ne5 Rb2+ 46. Ke3 g3 47. Kf3
Rh2 48. Ra7 g2 49. Rxf7+ Kg8 50. Kf2 Rxh5 51. Rf6 Kg7 52. Rxe6 Rh4 53. Rg6+ Kh7
54. Rg4 1-0

[Event "FIDE World Rapid 2014"]
[Site "Dubai UAE"]
[Date "2014.06.17"]
[Round "8.20"]
[White "Polgar, Judit"]
[Black "Ragger, Markus"]
[Result "1/2-1/2"]
[WhiteTitle "GM"]
[BlackTitle "GM"]
[WhiteElo "2685"]
[BlackElo "2632"]
[WhiteFideId "700070"]
[BlackFideId "1610856"]
[EventDate "2014.06.16"]

1. e4 e5 2. Nf3 Nc6 3. Bb5 a6 4. Ba4 Nf6 5. O-O Be7 6. Re1 b5 7. Bb3 O-O 8. d3
d6 9. c3 Na5 10. Bc2 c5 11. Nbd2 Nc6 12. Nf1 Be6 13. Qe2 h6 14. Ng3 Re8 15. Nh4
Nxe4 16. Nxe4 Bxh4 17. Qh5 f5 18. Ng3 Qf6 19. f4 Bf7 20. Qf3 d5 21. fxe5 Nxe5
22. Qf1 Ng4 23. Bd2 Qg6 24. Qf3 Ne5 25. Qf2 Ng4 26. Qf3 Ne5 27. Qf2 Bxg3 28.
Qxg3 Qxg3 29. hxg3 d4 30. a4 Ng4 31. Rxe8+ Rxe8 32. axb5 axb5 33. Bd1 Ne5 34.
Ra5 dxc3 35. Bxc3 b4 36. Bxe5 Rxe5 37. Kf2 Rd5 38. Bb3 Rd7 39. Bxf7+ Kxf7 40.
Rxc5 Rxd3 41. Rxf5+ Ke6 42. Rb5 Rb3 43. g4 Rxb2+ 44. Kf3 Rb1 45. Rb7 Kf6 46. g5+
hxg5 47. Kg4 b3 48. Rb5 Ke6 49. Kxg5 Kd6 50. g4 Kc6 51. Rb8 Kc5 52. Rb7 Kc4 53.
Rc7+ Kd3 54. Rd7+ Kc2 55. Rc7+ Kd3 56. Rd7+ Ke3 57. Rxg7 Rc1 58. Rb7 Rc3 59. Kh6
Kd2 60. g5 Rh3+ 61. Kg7 Kc2 62. g6 b2 63. Rxb2+ Kxb2 64. Kf7 Rf3+ 65. Ke6 Kc3
66. g7 Rg3 67. Kf7 Rxg7+ 68. Kxg7 1/2-1/2

[Event "FIDE World Rapid 2014"]
[Site "Dubai UAE"]
[Date "2014.06.17"]
[Round "8.22"]
[White "Meier, Georg"]
[Black "Amin, Bassem"]
[Result "1-0"]
[WhiteTitle "GM"]
[BlackTitle "GM"]
[WhiteElo "2632"]
[BlackElo "2635"]
[WhiteFideId "4675789"]
[BlackFideId "10601457"]
[EventDate "2014.06.16"]

1. Nf3 Nf6 2. g3 g6 3. Bg2 Bg7 4. O-O O-O 5. d4 d6 6. b3 Nbd7 7. Bb2 e5 8. dxe5
Ng4 9. Qd2 Ndxe5 10. c4 Re8 11. Nc3 a5 12. Rad1 Bh6 13. Qc2 Bf5 14. e4 Nxf3+ 15.
Bxf3 Bd7 16. Bg2 Bg7 17. h3 Ne5 18. f4 Nc6 19. Qf2 Qc8 20. g4 Nb4 21. a3 Nc6 22.
Nd5 Rf8 23. Nf6+ Bxf6 24. Bxf6 Re8 25. e5 Re6 26. f5 Rxf6 27. exf6 Ne5 28. c5
Bb5 29. Rfe1 Nd3 30. Rxd3 Bxd3 31. Re7 Qf8 32. Bd5 Qh6 33. Qe1 Bb5 34. Rxf7 Kh8
35. Qc3 Qf4 36. Bg2 gxf5 37. cxd6 cxd6 38. Rxb7 Ba6 39. f7+ Qe5 40. Qxe5+ dxe5
41. Rb6 1-0

[Event "FIDE World Rapid 2014"]
[Site "Dubai UAE"]
[Date "2014.06.17"]
[Round "8.23"]
[White "Adly, Ahmed"]
[Black "Onischuk, Vladimir"]
[Result "1/2-1/2"]
[WhiteTitle "GM"]
[BlackTitle "GM"]
[WhiteElo "2594"]
[BlackElo "2594"]
[WhiteFideId "10601619"]
[BlackFideId "14114038"]
[EventDate "2014.06.16"]

1. d4 d6 2. Nf3 g6 3. g3 Bg7 4. Bg2 Nf6 5. c4 O-O 6. O-O Nc6 7. Nc3 e5 8. dxe5
dxe5 9. Be3 Be6 10. Qa4 h6 11. Qb5 a6 12. Qxb7 Na5 13. Qb4 Nxc4 14. Bc5 Re8 15.
b3 Rb8 16. Qa4 Nd7 17. Ba7 Ncb6 18. Qa3 Ra8 19. Bxb6 cxb6 20. Nd2 Bf8 21. Qb2
Ra7 22. Rfd1 Qb8 23. Nde4 Bg7 24. Nd5 Kh8 25. Nb4 Rc8 26. Rac1 Rxc1 27. Rxc1 Qf8
28. Qd2 f5 29. Nc6 Rc7 30. Qd6 Qxd6 31. Nxd6 Nf6 32. e4 f4 33. gxf4 Nh5 34. Ne8
Rc8 35. Nd6 Nxf4 36. Nxc8 Ne2+ 37. Kh1 Nxc1 38. Nxb6 Nxa2 39. Nd5 Nc1 40. b4 Nd3
41. Kg1 Bf8 42. Bf1 Bxd5 43. exd5 Nxb4 44. Nxb4 Bxb4 45. Bxa6 1/2-1/2

[Event "FIDE World Rapid 2014"]
[Site "Dubai UAE"]
[Date "2014.06.17"]
[Round "8.24"]
[White "Ipatov, Alexander"]
[Black "Guseinov, Gadir"]
[Result "0-1"]
[WhiteTitle "GM"]
[BlackTitle "GM"]
[WhiteElo "2613"]
[BlackElo "2613"]
[WhiteFideId "14116731"]
[BlackFideId "13401378"]
[EventDate "2014.06.16"]

1. c4 g6 2. Nc3 Bg7 3. g3 d6 4. Bg2 e5 5. e3 f5 6. Nge2 Nf6 7. b4 O-O 8. O-O c6
9. b5 Be6 10. d3 d5 11. Ba3 Re8 12. cxd5 cxd5 13. d4 e4 14. Na4 b6 15. Nac3 Nbd7
16. Bd6 Bf8 17. Bxf8 Nxf8 18. a4 g5 19. Na2 Qd6 20. Qd2 Ng6 21. Nb4 Bd7 22. Rac1
Rac8 23. Na6 Kf7 24. Qb4 Qxb4 25. Nxb4 Ke7 26. Rxc8 Rxc8 27. Rc1 Rxc1+ 28. Nxc1
f4 29. Bf1 Kd6 30. Nca2 f3 31. h3 Ne7 32. Nc3 h5 33. Kh2 Ne8 34. h4 gxh4 35.
gxh4 Nf6 36. Bh3 Bxh3 37. Kxh3 Ng4 38. Nd1 Ke6 39. Nc2 Nf5 40. Nb4 Nxf2+ 41.
Nxf2 Nxe3 42. Nc6 Nf5 43. Nd1 Kd6 44. a5 bxa5 45. Nxa5 Nxd4 46. Ne3 Nxb5 47. Kg3
Nc3 48. Kf4 d4 49. Nf1 Kd5 50. Nb3 Ne2+ 51. Kg5 e3 52. Nh2 Ng1 53. Nc1 Kc4 54.
Kxh5 d3 55. Nxd3 Kxd3 56. Ng4 e2 0-1

[Event "FIDE World Rapid 2014"]
[Site "Dubai UAE"]
[Date "2014.06.17"]
[Round "8.25"]
[White "Cheparinov, Ivan"]
[Black "Bartel, Mateusz"]
[Result "0-1"]
[WhiteTitle "GM"]
[BlackTitle "GM"]
[WhiteElo "2682"]
[BlackElo "2641"]
[WhiteFideId "2905540"]
[BlackFideId "1112635"]
[EventDate "2014.06.16"]

1. d4 f5 2. c4 Nf6 3. Nf3 g6 4. g3 Bg7 5. Bg2 O-O 6. O-O d6 7. Nc3 c6 8. Qc2 Na6
9. b3 Nb4 10. Qd2 a5 11. Bb2 Ne4 12. Nxe4 fxe4 13. Ng5 d5 14. a3 Na6 15. f3 h6
16. Nh3 exf3 17. exf3 dxc4 18. bxc4 Nc5 19. Rad1 Nb3 20. Qe3 a4 21. Nf4 Qd6 22.
c5 Qf6 23. Rf2 Qf7 24. Nd3 Be6 25. Ne5 Bxe5 26. Qxe5 Bd5 27. Re1 e6 28. h4 Qg7
29. Qe3 Rf6 30. Qd3 Raf8 31. Bc3 Rf5 32. Re3 g5 33. Bh3 R5f6 34. hxg5 hxg5 35.
Bg4 Rh6 36. Re5 Kf7 37. Rg2 Rfh8 38. Kf2 Rf6 39. Qe3 Qh7 40. Qe2 Nc1 41. Qd2
Nd3+ 42. Ke3 Nxe5 43. dxe5 Rh6 44. Qb2 Rh1 45. Qxb7+ Kg6 46. Qb2 Bb3 47. f4 Kg7
48. Qd2 Bd5 49. f5 Rf8 50. f6+ Kf7 51. Bf3 Rd8 52. Rf2 Bxf3 0-1

[Event "FIDE World Rapid 2014"]
[Site "Dubai UAE"]
[Date "2014.06.17"]
[Round "8.27"]
[White "Vallejo Pons, Francisco"]
[Black "Anton Guijarro, David"]
[Result "1-0"]
[WhiteTitle "GM"]
[BlackTitle "GM"]
[WhiteElo "2698"]
[BlackElo "2631"]
[WhiteFideId "2205530"]
[BlackFideId "2285525"]
[EventDate "2014.06.16"]

1. e4 g6 2. d4 Bg7 3. Nc3 c6 4. Bc4 d6 5. Bb3 Nf6 6. Nf3 O-O 7. O-O Qc7 8. e5
dxe5 9. Nxe5 Nbd7 10. Nd3 Nb6 11. Bf4 Qd8 12. Be5 Bf5 13. Nc5 Nbd7 14. Nxd7 Qxd7
15. Qe2 Be6 16. Rfe1 Rfe8 17. h3 Bxb3 18. axb3 Nd5 19. Bxg7 Nxc3 20. bxc3 Kxg7
21. Ra5 a6 22. h4 h5 23. Rg5 Kh7 24. Qe4 Kg7 25. Re3 Qd6 26. d5 c5 27. Re5 b5
28. c4 Ra7 29. Qd3 bxc4 30. Qxc4 a5 31. g3 Kh7 32. Qf4 Kg7 33. Qc4 Kh7 34. Qd3
a4 35. bxa4 Rxa4 36. Rxh5+ Kg8 37. Rhe5 Rd4 38. Qb5 Kf8 39. c4 Rb8 40. Qc6 Qxc6
41. dxc6 e6 42. Rxc5 Rc8 43. Ra3 Rc7 44. Rb3 Ke7 45. Rb7 Kd6 46. Ra5 f5 47. Rxc7
Kxc7 48. Ra7+ Kxc6 49. Rg7 Rxc4 50. Rxg6 Kd5 51. h5 Rc8 52. Kg2 Rf8 53. h6 e5
54. h7 Rh8 55. Rh6 Ke4 56. Rh5 Kd4 57. Kf3 Kd5 58. Rh6 Kc5 59. Ke3 Kd5 60. f3 1-0

[Event "FIDE World Rapid 2014"]
[Site "Dubai UAE"]
[Date "2014.06.17"]
[Round "9.4"]
[White "Karjakin, Sergey"]
[Black "Aronian, Levon"]
[Result "0-1"]
[WhiteTitle "GM"]
[BlackTitle "GM"]
[WhiteElo "2771"]
[BlackElo "2815"]
[WhiteFideId "14109603"]
[BlackFideId "13300474"]
[EventDate "2014.06.16"]

1. e4 e5 2. Nf3 Nc6 3. Bb5 Nf6 4. O-O Nxe4 5. d4 Nd6 6. Bxc6 dxc6 7. dxe5 Nf5 8.
Qxd8+ Kxd8 9. Rd1+ Ke8 10. Nc3 h6 11. h3 Bb4 12. Ne2 g5 13. g4 Ne7 14. Ng3 Ng6
15. Nh5 Be6 16. Be3 Kf8 17. Nd4 Bd5 18. Nf6 Nxe5 19. Nxd5 cxd5 20. Nf5 c6 21. f4
Ng6 22. c4 Re8 23. Bd4 Rh7 24. a3 Ba5 25. cxd5 cxd5 26. Nd6 Ra8 27. Nxb7 Bb6 28.
Bxb6 axb6 29. Rxd5 Nxf4 30. Rb5 h5 31. gxh5 Rxh5 32. Rd1 Rc8 33. Nd6 Rc2 34. Nf5
Kg8 35. h4 Kh7 36. Rd7 gxh4 37. Kh1 Ne2 38. Rxf7+ Kg8 39. Rg7+ Kh8 40. Rf7 Ng3+
41. Kg1 h3 42. Rf8+ Kh7 43. Rf7+ Kg8 0-1

[Event "FIDE World Rapid 2014"]
[Site "Dubai UAE"]
[Date "2014.06.17"]
[Round "9.6"]
[White "Jobava, Baadur"]
[Black "Radjabov, Teimour"]
[Result "1/2-1/2"]
[WhiteTitle "GM"]
[BlackTitle "GM"]
[WhiteElo "2713"]
[BlackElo "2724"]
[WhiteFideId "13601520"]
[BlackFideId "13400924"]
[EventDate "2014.06.16"]

1. d4 Nf6 2. Nc3 d5 3. Bf4 e6 4. e3 Bd6 5. Nf3 O-O 6. Bd3 b6 7. O-O Bb7 8. Re1
Nbd7 9. Ne5 a6 10. Qf3 Be7 11. Qh3 c5 12. a3 c4 13. Be2 b5 14. Qg3 Ne8 15. Bf3
f5 16. Nxd7 Qxd7 17. Be5 Nf6 18. Ne2 Rad8 19. Nf4 Bd6 20. b4 Bc6 21. h4 Rf7 22.
h5 Qe7 23. c3 Be8 24. Red1 Rf8 25. Qg5 h6 26. Qh4 Kh7 27. Qg3 Kh8 28. a4 Bxe5
29. dxe5 Nh7 30. axb5 axb5 31. Ra6 Ng5 32. Rda1 Bf7 33. R1a5 Qe8 34. Rb6 Rb8 35.
Raxb5 Rxb6 36. Rxb6 Qa4 37. Kh2 Ra8 38. Rb7 Kg8 39. Ne2 Qc6 40. Re7 Kf8 41. Nd4
Qc8 42. Rxf7+ Kxf7 43. Bd1 Kg8 44. Bc2 Qe8 45. Qh4 Ra2 46. f4 Ne4 47. Bxe4 dxe4
48. Kh3 Ra1 49. Kh2 Kh7 50. b5 Rc1 51. b6 Rb1 52. b7 Rxb7 53. g4 Rb2+ 54. Kh3
Qa4 55. g5 hxg5 56. Qxg5 Qd1 57. Qg6+ Kh8 58. Qe8+ Kh7 59. Qg6+ Kh8 1/2-1/2

[Event "FIDE World Rapid 2014"]
[Site "Dubai UAE"]
[Date "2014.06.17"]
[Round "9.7"]
[White "Le, Quang Liem"]
[Black "Nguyen, Ngoc Truong Son"]
[Result "1/2-1/2"]
[WhiteTitle "GM"]
[BlackTitle "GM"]
[WhiteElo "2712"]
[BlackElo "2621"]
[WhiteFideId "12401137"]
[BlackFideId "12401110"]
[EventDate "2014.06.16"]

1. d4 d5 2. c4 c6 3. Nf3 Nf6 4. cxd5 cxd5 5. Nc3 Nc6 6. Bf4 Bf5 7. e3 e6 8. Bd3
Bxd3 9. Qxd3 Bd6 10. Bxd6 Qxd6 11. O-O O-O 12. Rfc1 Rfc8 13. Ne2 Ne7 14. Nd2
Rxc1+ 15. Rxc1 Rc8 16. Rxc8+ Nxc8 17. h3 Nb6 18. b3 h6 19. Qc2 Ne8 20. Kf1 Qc7
21. Qxc7 Nxc7 22. Nc3 Kf8 23. Ke2 Ke7 24. Kd3 Nc8 25. f3 Nd6 26. g4 Ncb5 27.
Nxb5 Nxb5 28. Nb1 g5 29. Nc3 Nxc3 30. Kxc3 Kd6 31. a4 a5 32. b4 b6 33. bxa5 bxa5
34. Kd3 Kc6 35. Kc3 Kd6 36. Kd3 Kc6 37. Kc3 Kd6 1/2-1/2

[Event "FIDE World Rapid 2014"]
[Site "Dubai UAE"]
[Date "2014.06.17"]
[Round "9.9"]
[White "Bartel, Mateusz"]
[Black "Svidler, Peter"]
[Result "0-1"]
[WhiteTitle "GM"]
[BlackTitle "GM"]
[WhiteElo "2641"]
[BlackElo "2753"]
[WhiteFideId "1112635"]
[BlackFideId "4102142"]
[EventDate "2014.06.16"]

1. e4 c5 2. Nf3 e6 3. d4 cxd4 4. Nxd4 a6 5. Nc3 b5 6. Bd3 d6 7. O-O Nf6 8. a4 b4
9. Na2 e5 10. Nb3 Nc6 11. Bd2 Qb6 12. a5 Qb7 13. Qe1 Rb8 14. Bc4 Be6 15. Qe2
Bxc4 16. Qxc4 Be7 17. Be3 Qb5 18. Qxb5 Rxb5 19. f3 d5 20. Bg5 dxe4 21. Bxf6 Bxf6
22. fxe4 Ke7 23. Rfd1 Nd4 24. Nxd4 exd4 25. Nc1 Rc8 26. Nb3 Rxc2 27. Rab1 d3 28.
Rxd3 Rxb2 29. Rxb2 Bxb2 30. Kf2 Be5 31. h3 h5 32. Ke3 g6 33. Rd1 Bc7 34. Rd5
Rxd5 35. exd5 f5 36. Kd4 Bd6 37. Nd2 g5 38. Nc4 g4 39. Ne3 f4 40. Nf5+ Kd7 41.
hxg4 hxg4 42. Kc4 f3 43. gxf3 gxf3 44. Ne3 f2 45. Nf1 Ke7 46. Nd2 Bf4 47. Nf1
Kd6 48. Kxb4 Kxd5 49. Kc3 Ke5 0-1

[Event "FIDE World Rapid 2014"]
[Site "Dubai UAE"]
[Date "2014.06.17"]
[Round "9.10"]
[White "Vachier-Lagrave, Maxime"]
[Black "Van Wely, Loek"]
[Result "1/2-1/2"]
[WhiteTitle "GM"]
[BlackTitle "GM"]
[WhiteElo "2762"]
[BlackElo "2654"]
[WhiteFideId "623539"]
[BlackFideId "1000268"]
[EventDate "2014.06.16"]

1. e4 c5 2. Nf3 e6 3. b3 b6 4. d4 cxd4 5. Nxd4 Bb7 6. Bd3 Nc6 7. Nxc6 Bxc6 8.
Bb2 Nf6 9. Nd2 d6 10. Qe2 Be7 11. O-O-O O-O 12. f4 Qc7 13. Kb1 Rfc8 14. h4 Nd7
15. Rh3 Nc5 16. h5 e5 17. fxe5 dxe5 18. Bc4 b5 19. Bd5 Bxd5 20. exd5 Bd6 21. h6
g6 22. g4 a5 23. Rf3 a4 24. b4 a3 25. Ba1 Nd7 26. Ne4 Bxb4 27. Rdf1 Rf8 28. Rb3
Bd6 29. Qxb5 Rfc8 30. Bc3 Nc5 31. Nxc5 Bxc5 32. Rf6 Qd8 33. Rf1 Qxd5 34. Qb7 Qc4
35. Qf3 Be7 36. Bxe5 Qxc2+ 37. Ka1 Qc4 38. Rb7 Ra5 39. Bc3 Rac5 40. Rb3 Qe6 41.
Rxa3 Rc4 42. Ra8 Rxa8 43. Qxa8+ Rc8 44. Qf3 Rc4 45. Re1 Qd7 46. Qe3 Rc7 47. Be5
Rb7 48. Bb2 Qd5 49. Qc3 f6 50. Rc1 Kf7 51. Qc4 Qxc4 52. Rxc4 Bf8 53. a4 Bxh6 54.
a5 Ra7 55. Bc3 Ra6 56. Rc7+ Ke6 57. Rxh7 Bf4 58. Ka2 Be5 59. Bb4 f5 60. gxf5+
Kxf5 61. Kb3 g5 62. Kc4 Ra8 63. Kb5 Rb8+ 64. Ka4 Ra8 65. Bc5 Bc3 66. Ba7 Bxa5
67. Kxa5 g4 68. Kb4 Rc8 69. Bf2 Ke4 70. Rf7 Rc2 71. Bg3 Ke3 72. Bd6 Rc6 73. Be5
Rg6 74. Bg3 Rc6 75. Kb3 Kd3 76. Rf4 Rb6+ 77. Ka3 Rg6 78. Kb4 Rg5 79. Rf8 Ke4 80.
Rf4+ Kd3 81. Kb3 Rb5+ 82. Ka4 Rg5 83. Kb4 Re5 84. Rxg4 Re4+ 85. Rxe4 Kxe4 1/2-1/2

[Event "FIDE World Rapid 2014"]
[Site "Dubai UAE"]
[Date "2014.06.17"]
[Round "9.12"]
[White "Guseinov, Gadir"]
[Black "Kryvoruchko, Yuriy"]
[Result "1/2-1/2"]
[WhiteTitle "GM"]
[BlackTitle "GM"]
[WhiteElo "2613"]
[BlackElo "2707"]
[WhiteFideId "13401378"]
[BlackFideId "14109182"]
[EventDate "2014.06.16"]

1. e4 e5 2. Nf3 Nc6 3. Bb5 Nf6 4. O-O Nxe4 5. Re1 Nd6 6. Nxe5 Be7 7. Bf1 Nxe5 8.
Rxe5 O-O 9. Nc3 Ne8 10. Nd5 Bd6 11. Re1 c6 12. Ne3 Bc7 13. Nf5 d5 14. Ne7+ Kh8
15. Nxc8 Rxc8 16. d3 f5 17. Qf3 Nf6 18. Bf4 Bxf4 19. Qxf4 Qc7 20. Qf3 g6 21. Re6
Rce8 22. Rae1 Qd7 23. Rxe8 Rxe8 24. Re3 Kg7 25. h3 a6 26. c3 Kf7 27. Qf4 Re7 28.
Qd4 Qd6 29. Rxe7+ Qxe7 30. b4 Nd7 31. a4 Qe5 32. Qa7 Qb8 33. Qe3 Qe5 34. Qa7 Qb8
35. Qd4 Qe5 36. Qa7 Qb8 37. Qd4 Qe5 38. Qa7 Qb8 1/2-1/2

[Event "FIDE World Rapid 2014"]
[Site "Dubai UAE"]
[Date "2014.06.17"]
[Round "9.13"]
[White "Tomashevsky, Evgeny"]
[Black "Meier, Georg"]
[Result "1-0"]
[WhiteTitle "GM"]
[BlackTitle "GM"]
[WhiteElo "2695"]
[BlackElo "2632"]
[WhiteFideId "4147235"]
[BlackFideId "4675789"]
[EventDate "2014.06.16"]

1. d4 Nf6 2. c4 e6 3. Nc3 d5 4. cxd5 exd5 5. Bg5 c6 6. e3 Bf5 7. Qf3 Bg6 8. Bxf6
Qxf6 9. Qxf6 gxf6 10. h4 Nd7 11. h5 Bf5 12. Nge2 Bd6 13. Nf4 Be6 14. Bd3 f5 15.
Nce2 Nf6 16. f3 Rg8 17. Kf2 Ke7 18. h6 Rg5 19. Rac1 a5 20. Rh3 Rag8 21. Bc2 Ne8
22. Ng3 Nf6 23. Rg1 c5 24. Nge2 Rc8 25. Bb1 b5 26. dxc5 Bxc5 27. Nd4 b4 28. Rg3
Rxg3 29. Kxg3 Bxd4 30. exd4 Rc4 31. Rd1 Ng8 32. Bd3 Rc8 33. Rh1 Kf6 34. Kf2 Kg5
35. Ke3 Ne7 36. Rh5+ Kf6 37. Kd2 Nc6 38. Ne2 Ne7 39. g3 Rg8 40. Rh1 Rc8 41. Nf4
Ng6 42. Ne2 Ne7 43. f4 Ng8 44. Nc1 Kg6 45. Nb3 a4 46. Nc5 a3 47. bxa3 bxa3 48.
Rb1 Nxh6 49. Rb3 Kf6 50. Rxa3 Ng4 51. Rc3 Ra8 52. a4 Nf2 53. Ra3 Ra5 54. Kc3
Ne4+ 55. Kb4 Ra8 56. Bb5 h5 57. a5 Ke7 58. a6 Kd6 59. a7 Nxc5 60. dxc5+ Kc7 61.
c6 Kd6 62. c7 d4 63. Bc4 Bd7 1-0

[Event "FIDE World Rapid 2014"]
[Site "Dubai UAE"]
[Date "2014.06.17"]
[Round "9.14"]
[White "Bacrot, Etienne"]
[Black "Yu, Yangyi"]
[Result "0-1"]
[WhiteTitle "GM"]
[BlackTitle "GM"]
[WhiteElo "2720"]
[BlackElo "2675"]
[WhiteFideId "605506"]
[BlackFideId "8603820"]
[EventDate "2014.06.16"]

1. c4 e6 2. Nf3 d5 3. d4 Nf6 4. e3 a6 5. b3 c5 6. Bd3 Nc6 7. Bb2 cxd4 8. exd4 g6
9. O-O Bg7 10. c5 O-O 11. a3 Nd7 12. b4 e5 13. dxe5 Ndxe5 14. Nxe5 Nxe5 15. Be2
Bf5 16. Nd2 d4 17. Nf3 d3 18. Nxe5 dxe2 19. Qxe2 Re8 20. Rad1 Qe7 21. g4 Bc8 22.
Qd2 Bxe5 23. Bxe5 Bxg4 24. Rde1 Rad8 25. Qc3 Qf8 26. Re3 Re6 27. Rfe1 Qh6 28. a4
Qg5 29. f4 Qh4 30. b5 axb5 31. axb5 f6 32. Bd6 Rde8 33. c6 Bf3 34. f5 Rxe3 35.
Rxe3 Qg5+ 36. Kf2 Qg2+ 37. Ke1 Qg1+ 38. Kd2 Qd1# 0-1

[Event "FIDE World Rapid 2014"]
[Site "Dubai UAE"]
[Date "2014.06.17"]
[Round "9.15"]
[White "Naiditsch, Arkadij"]
[Black "Bologan, Viktor"]
[Result "1-0"]
[WhiteTitle "GM"]
[BlackTitle "GM"]
[WhiteElo "2705"]
[BlackElo "2661"]
[WhiteFideId "4650891"]
[BlackFideId "13900048"]
[EventDate "2014.06.16"]

1. e4 g6 2. d4 Bg7 3. Nc3 c6 4. Nf3 d6 5. Be3 Qb6 6. Qc1 Nf6 7. h3 O-O 8. Bd3
Qc7 9. Bh6 e5 10. Bxg7 Kxg7 11. O-O Nbd7 12. Qd2 Re8 13. Rae1 b5 14. Ne2 exd4
15. Nexd4 a6 16. Qg5 Kh8 17. Ne2 c5 18. c3 Bb7 19. Ng3 Ng8 20. Bb1 Ne5 21. Nd2
c4 22. f4 f6 23. Qh4 Nd3 24. Bxd3 cxd3 25. Kh2 Re7 26. Rf3 f5 27. Rxd3 Rae8 28.
Rde3 fxe4 29. Ndxe4 Qc6 30. R3e2 h6 31. Qg4 d5 32. Nd2 d4 33. Nf3 Rxe2 34. Rxe2
Rxe2 35. Nxe2 dxc3 36. bxc3 Bc8 37. Qg3 Ne7 38. Ne5 Qe4 39. Qh4 Ng8 40. Ng3 Qc2
41. Nf7+ Kg7 42. Nd6 Qxc3 43. Qd8 Be6 44. Nge4 Qc6 45. Ne8+ Kf7 46. N4d6+ Kf8
47. Nc7+ Kg7 48. Nxe6+ 1-0